Playable Characters in LEGO Pirates of the Carribean - Statistics

General Stats
  • This quiz has been taken 49 times
  • The average score is 31 of 79
Answer Stats
Character % Correct
Captain Jack Sparrow
95%
Jack Sparrow (Chief)
95%
Jack Sparrow (Cursed)
95%
Jack Sparrow (Waistcoat)
95%
Captain Barbossa
91%
Privateer Barbossa
91%
Davy Jones
86%
Elizabeth Swan
86%
Will Turner
86%
Mr. Gibbs
82%
Bootstrap Bill Turner
77%
Captain Elizabeth
77%
Captain Elizabeth (Robes)
77%
Elizabeth (Pirate)
77%
Elizabeth (Redcoat)
77%
Elizabeth (Trader)
77%
Elizabeth (Undergarments)
77%
Blackbeard
68%
James Norrington
68%
Norrington (Disgraced)
68%
Cotton
55%
Governor Weatherby Swann
55%
Marty
55%
Pintel
55%
Ragetti
55%
Lord Cutler Beckett
50%
Angelica
45%
Angelica (Disguised)
45%
Guard Dog
41%
Tia Dalma
41%
Anamaria
36%
King George
36%
Maccus
32%
Mistress Ching
32%
Mr. Brown
32%
Sao Feng
32%
Koehler
27%
Mullroy
27%
Murtogg
27%
Syrena
27%
The Spaniard
27%
Wyvern
27%
Angry Cannibal
23%
Bo'sun
23%
Cook
23%
Crash
23%
Hungry Cannibal
23%
Jacoby
23%
Jimmy Legs
23%
Mr. Mercer
23%
Quartermaster
23%
Tai Huang
23%
Angler
18%
Capitaine Chevalle
18%
Clanker
18%
Eduardo Villanueva
18%
Hadras
18%
Koleniko
18%
Philip
18%
Scrum
18%
Tattoo Pirate
18%
Twigg
18%
Ammand the Corsair
14%
Ancient Sailor
14%
Clubba
14%
Garheng
14%
Gentleman Jocard
14%
Grapple
14%
Gunner
14%
Lian
14%
Lieutenant Groves
14%
Mallot
14%
Scratch
14%
Captain Bellamy
9%
Derrick
9%
Park
9%
Penrod
9%
Salaman
9%
Sri Sumbha jee Angria
9%
No matching quizzes found
Score Distribution
Percent of People with Each Score
Percentile by Number Answered
Your Score History
You have not taken this quiz